Natiya Kaviyam/ (Record no. 179806)

MARC details
000 -LEADER
fixed length control field 00616nam a22001937a 4500
005 - DATE AND TIME OF LATEST TRANSACTION
control field 20210708170819.0
010 ## - LCCN (DPL NO)
LC control number ENG-129533
020 ## - INTERNATIONAL STANDARD BOOK NUMBER
Terms of availability 310.00
International Standard Book Number 78-81-922230-5-6
035 ## - SYSTEM CONTROL NUMBER
System control number EN-113065
037 ## - SOURCE OF ACQUISITION
Source of stock number/acquisition DBAD/PUB
082 ## - DEWEY DECIMAL CLASSIFICATION NUMBER
Classification number 793.31954
100 ## - MAIN ENTRY--PERSONAL NAME
Personal name Sumithra Engersoll
245 ## - TITLE STATEMENT
Title Natiya Kaviyam/
Statement of responsibility, etc by Sumithra Engersoll
250 ## - EDITION STATEMENT
Edition statement 1st
260 ## - PUBLICATION, DISTRIBUTION, ETC. (IMPRINT)
Place of publication, distribution, etc Karnataka, India
Name of publisher, distributor, etc Kaviya Mullai Pathippagam
Date of publication, distribution, etc 2019
270 ## - ADDRESS
City Bangalore
Telephone number 9740157077
Postal code 560043
Address G4, Ohana gardens, 21. Ramamurthy nagar main road , Dodda Banaswadi
300 ## - PHYSICAL DESCRIPTION
Extent 200p;
Dimensions 23cm(pbk)
942 ## - ADDED ENTRY ELEMENTS (KOHA)
Source of classification or shelving scheme Dewey Decimal Classification
Item type English Books
Classification part 793.31954
Call number suffix ENG
Holdings
Withdrawn status Lost status Not for loan Collection code Home library Current library Date acquired Source of acquisition Cost, normal purchase price Full call number Barcode Copy number Cost, replacement price Koha item type
      Non-fiction Central Library Central Library 08/07/2021 DBAD /PUB 310.00 793.31954 ENG EN-113065 1 310.00 English Books

© Delhi Public Library
Hit Counter
free hit counter